Normal view
MARC view
- 1.System design. 2.Computer architecture.
Entry Topical Term
001 - CONTROL NUMBER
- control field: 3099
003 - CONTROL NUMBER IDENTIFIER
- control field: NUST
005 - DATE AND TIME OF LATEST TRANSACTION
- control field: 20170622131002.0
008 - FIXED-LENGTH DATA ELEMENTS
- fixed length control field: 170622|| aca||aabn | a|a d
040 ## - CATALOGING SOURCE
- Original cataloging agency: NUST
- Transcribing agency: NUST
150 ## - HEADING--TOPICAL TERM
- Topical term or geographic name entry element: 1.System design. 2.Computer architecture.
670 ## - SOURCE DATA FOUND
- Source citation: Work cat.: (NUST)24023: Heuring, Vincent P. 3098, Computer systems design and architecture, 2004.
